Old Brand Logos Quiz #5 - Statistics

General Stats
  • This quiz has been taken 5,318 times
  • The average score is 8 of 20
Answer Stats
Brand % Correct
KFC
97%
Domino
91%
Sprite
88%
Safari
85%
Mitsubishi
78%
Texaco
37%
Barclays
36%
Delta
35%
Chupa Chups
34%
Atlanta Hawks
33%
Cisco
26%
Puma
25%
Chevron
23%
Avast
19%
Wal-Mart
18%
Photoshop
11%
Sprint
8%
Electronic Arts
7%
HTC
7%
Pixar
7%
No matching quizzes found
Score Distribution
Percent of People with Each Score
Percentile by Number Answered
Your Score History
You have not taken this quiz